Fr. Conceicao Rodrigues College of Engineering

Z80 Assembly language programming (Record no. 32618)

MARC details
000 -LEADER
fixed length control field 00277nam a2200121Ia 4500
082 ## - DEWEY DECIMAL CLASSIFICATION NUMBER
Classification number 1.642
Item number LEV
100 ## - MAIN ENTRY--PERSONAL NAME
Personal name Leventhal/Lance A
245 ## - TITLE STATEMENT
Title Z80 Assembly language programming
260 ## - PUBLICATION, DISTRIBUTION, ETC.
Name of publisher, distributor, etc. McGraw Hill
Place of publication, distribution, etc. California
Date of publication, distribution, etc. 1986
546 ## - LANGUAGE NOTE
Language note ENGLISH
654 ## - SUBJECT ADDED ENTRY--FACETED TOPICAL TERMS
Focus term Z80
942 ## - ADDED ENTRY ELEMENTS (KOHA)
Koha item type BOOK
Holdings
Withdrawn status Lost status Damaged status Not for loan Collection Home library Current library Shelving location Date acquired Source of acquisition Cost, normal purchase price Inventory number Total Checkouts Full call number Barcode Date last seen Cost, replacement price Price effective from Koha item type
        CRC Fr. Agnel's C.Rodrigues College of Engineering Fr. Agnel's C.Rodrigues College of Engineering   17/03/2023 Book World 218.63 042 dt 31.08.91   1.642 LEV 3225 17/03/2023 218.63 31/08/1991 BOOK